Qalʻat al-abṭāl /

محفوظ في:

المؤلف الرئيسي: Saḥḥār, ʻAbd al-Ḥamīd Jūdah (مؤلف)

التنسيق: كتاب

اللغة: Arabic

منشور في: al-Qāhirah : Dār Rūz al-Yūsuf, 1954.

سلاسل: Kitāb al-dhahabī ; 23.

الموضوعات:

الوسوم: إضافة وسم

لا توجد وسوم, كن أول من يضع وسما على هذه التسجيلة!

رقم الطلب: PJ7862 .A49 Q3 1954

LEADER 01034nam a2200253Ia 4500
003 OSt
005 20231206142001.0
008 130303s1954 ua a 000 0 ara d
952 |0 0  |1 0  |2 lcc  |4 0  |6 PJ7862 A49 Q3 01954  |7 1  |9 30747  |a ARCE  |b ARCE  |d 2022-01-25  |l 0  |o PJ7862 .A49 Q3 1954  |p 1030069  |r 2022-01-25 00:00:00  |w 2022-01-25  |y BK 
999 |c 29337  |d 29337 
040 |c ARCE Library 
043 |a f-ua--- 
050 4 |a PJ7862 .A49 Q3 1954 
100 1 |6 880-01  |a Saḥḥār, ʻAbd al-Ḥamīd Jūdah,  |e author  |9 38965 
245 1 0 |6 880-02  |a Qalʻat al-abṭāl /   |c ʻAbd al-Ḥamīd Jūdah al-Saḥḥār. 
264 1 |a al-Qāhirah :   |b Dār Rūz al-Yūsuf,   |c 1954. 
300 |a 175 pages :   |b illustrations ;   |c 20 cm. 
490 0 |a Kitāb al-dhahabī ;   |v 23. 
650 0 |a Arabic fiction  |y 20th century  |z Egypt. 
830 0 |a Kitāb al-dhahabī ;   |v 23. 
880 1 |6 100-01/(3/r  |a سحار، عبد الحميد جوده 
880 1 0 |6 245-02/(3/r  |a قلعة الأبطال   |c عبد الحميد جوده السحار 
901 |a reviewed 
942 |c BK  |2 lcc